Kak miny so lěto w kole zajimcow za kulturu Serbow we Waršawje

Titel: Kak miny so lěto w kole zajimcow za kulturu Serbow we Waršawje
Verfasser:
In: Rozhlad, Band 42, Heft 2 (1992), Seite 74-75
alle Artikel anzeigen
Veröffentlicht: 1992
Format: Aufsatz
Sprache: Sorbisch
Kein Bild verfügbar
X
alg: 39466535
001A    $01999:12-11-16 
001B    $01999:01-06-17 $t17:59:01.000 
001D    $01999:12-11-16 
001U    $0utf8 
001X    $00 
002@    $0Aox 
003@    $039466535X 
007A    $039466535X $aHEB 
007T    $0Herdww001246 
010@    $awen 
011@    $a1992 
021A    $aKak miny so lěto w kole zajimcow za kulturu Serbow we Waršawje 
028A    $#Przyłubska-Siatkowska, Ewa $#Siatkowska, Ewa Magdalena $7123941652 $8Siatkowska, Ewa$Z1930-2020 [Tp1] $9105820539 
031A    $d42 $e2 $h74-75 $j1992 
039B    $aIn $8--Abvc--. Rozhlad. - Bautzen : Domowina, 1950-. - ISSN 0557-4250 $x199200000420002926 $9047452528 

lok: 39466535 78

exp: 39466535 78 1 #EPN
201B/01 $008-11-17 $t21:46:05.000 
201U/01 $0utf8 
203@/01 $0790775840 
208@/01 $a12-11-16 $be 
209A/01 $a/ $f000 $x00 
220C/01 $aTitelaufnehmer: TJ 
220C/01 $aHerkunft: IH UWr 
244Z/01 $2Trx $#Silesia $#Śląsk $#Sliezsko $#Slezsko $8--Trx--Schlesien $x01 $9391173987 
244Z/01 $#Warschau $#Warszawa $#Warszowa $#Varšava $#Varsovia $#Varsavia $#Varšavaq $#Varsó $#Miasto Stołeczne Warszawa $#Varsovie $#Warsaw $#Varšava $#Varšuva $#Varssavi $74079048-4 $8--Tg1--Warschau $x02 $9085224332 
244Z/01 $aGeschichte 1991 $x03 
244Z/01 $2Trx $#assotsiatsioonid, kohalikud $#regioninės draugijos $#Associations, regional $#társaságok, regionális $#towarzystwa regionalne $#spoločnosti, regionálne $#společnosti regionální $8--Trx--Gesellschaften, regionale $x04 $9391368192 
244Z/01 $2Trx $8--Trx--Zeitschriftenaufsatz $x05 $9391384341 
247C/01 $82080>Marburg/Lahn, Herder-Institut, Forschungsbibliothek, Bibliographieportal $9336309341
LEADER 00000caa a22000002c 4500
001 39466535X
003 DE-603
005 20170601175901.0
007 tu
008 161112s1992 xx |||| | u00||u|wen c
035 |a (DE-599)HEB39466535X 
040 |a DE-603  |b ger  |c DE-603  |d DE-603 
041 |a wen 
100 1 |a Siatkowska, Ewa  |d 1930-2020  |0 (DE-603)105820539  |0 (DE-588)123941652  |2 gnd 
245 0 0 |a Kak miny so lěto w kole zajimcow za kulturu Serbow we Waršawje 
264 0 |c 1992 
773 0 8 |i In  |t Rozhlad  |d Bautzen : Domowina, 1950-  |h 24 cm  |x 0557-4250  |g Band 42, Heft 2 (1992), Seite 74-75  |w (DE-603)047452528  |w (DE-600)280835-3 
924 0 |9 2080  |a (DE-603)790775840  |b DE-2080  |c HES  |d d  |g /